|
|
|
|
| LEADER |
01214nam a2200313 a 4500 |
| 001 |
7835 |
| 003 |
BD-DhAAL |
| 005 |
20151017134237.0 |
| 008 |
151017r1996 nyu 000 1 eng |
| 010 |
|
|
|a 96031781
|
| 020 |
|
|
|a 033035034x
|
| 020 |
|
|
|a 0517707861
|
| 040 |
|
|
|a DLC
|c DLC
|d DLC
|d OCoLC
|d DLC
|d BD-DhAAL
|
| 050 |
0 |
0 |
|a PR6054.E96
|b D43 1996
|
| 082 |
0 |
0 |
|a 823/.914
|2 20
|
| 100 |
1 |
|
|a Dexter, Colin.
|9 15490
|
| 240 |
1 |
0 |
|a Death is now my neighbour
|
| 245 |
1 |
0 |
|a Death is now my neighbor :
|b the new Inspector Morse novel /
|c Colin Dexter.
|
| 260 |
|
|
|a New York :
|a London :
|b Crown Publishers,
|b Pan Books,
|c c1996.
|
| 300 |
|
|
|a ix, 413 p. ;
|c 18 cm.
|
| 500 |
|
|
|a Originally published: Death is now my neighbour. London : Macmillan, 1996.
|
| 541 |
|
|
|e 7834
|
| 650 |
|
0 |
|a Morse, Inspector (Fictitious character)
|x Fiction.
|9 15491
|
| 650 |
|
0 |
|a Police
|z England
|z Oxford
|x Fiction.
|9 15492
|
| 651 |
|
0 |
|a Oxford (England)
|x Fiction.
|9 15493
|
| 655 |
|
7 |
|a Detective and mystery stories.
|2 gsafd
|9 6854
|
| 942 |
|
|
|2 ddc
|c BK
|
| 999 |
|
|
|c 35815
|d 35815
|
| 952 |
|
|
|0 0
|1 0
|2 ddc
|4 0
|6 823_000000000000000__914_DEX
|7 0
|9 56339
|a SCL
|b SCL
|c GEN
|d 2015-10-17
|e Gift:
|l 9
|m 39
|o 823.914 DEX
|p 3020007835
|r 2022-06-16
|s 2022-05-30
|t 1
|w 2015-10-17
|y BK
|